000 005610000a22001690004500
003 MACL
005 20160407122933.0
008 160407b xxu||||| |||| 00| 0 eng d
040 _aMACL
_cMACL
041 _aHindi
082 _a403
100 _aआचार्य परमानन्‍द प्रभाकर
_920100
245 _aसंस्‍कृत शिक्षण की आधुनिक विधियॉ
260 _bलोक शिक्षा मंच
_aदिल्‍ली
650 _aLanguage
_950913
942 _cHIN
_k403
_2ddc
999 _c45446
_d45446